| 000 | 00574nam a2200181Ia 4500 | ||
|---|---|---|---|
| 999 |
_c13744 _d13744 |
||
| 003 | OSt | ||
| 005 | 20201019105112.0 | ||
| 008 | 190216s9999||||xx |||||||||||||| ||und|| | ||
| 040 | _coclc | ||
| 082 |
_a305.230954 _bKAK/I |
||
| 100 |
_aKakar, Sudhir _95306 |
||
| 245 | 4 |
_aThe Inner World: _bA Psycho Analytic Study Of Childhood And Society in India / _cSudhir Kakar |
|
| 250 | _a2nd Ed. | ||
| 260 |
_bOxford University Press, _c1981. _aDelhi: |
||
| 300 | _a240p | ||
| 650 | _aEnglish General | ||
| 942 |
_cBK _2ddc _h305.230954 _iKAK/I _k305.230954 _mKAK/I |
||